00857cam a2200241 a 4500001001000000003000400010005001700014008004100031020001500072040002500087082001800112100004200130245006000172260007200232300002700304490002000331490006900351586004800420650002400468650003600492830001800528830006900546000005952OSt20200929151846.0940222s1992 sp a 001 p spa c a8478201378 aDO-SdBNPbspacBNPHU a861.64bM337a1 aMarín Uriol, Miguel Ángel,d1945-10aA la luz del leberinto /cMiguel Ángel Marín Uriol. aZarogoza, España :bInstitución "Fernando el Católico,c1992. a57 p. :bil. ;c25 cm.1 a"San Jorge"v651 aPublicación de la Institución "Fernando el Católico"v1315 aPremio del VII concurso Isabel de Portugal. 4aPoesía española 4aLiteratura españolaySIGLO XX 0aSan Jorge, 65 0aPublicación de la Institución "Fernando el Católico"n1315